| 000 | 00573nam a22001697a 4500 | ||
|---|---|---|---|
| 005 | 20251108175858.0 | ||
| 008 | 250721s2013 xx 000 0 ara d | ||
| 082 | 1 | 4 | _a810.09/سمح |
| 100 | 1 | _aسمحان، محمد عبد القادر | |
| 245 | 1 | 0 | _aاضاءات نقدية في الادب الاردني و العربي و العالمي / |
| 264 | 1 |
_aعمان : _bدار البداية ناشرون و موزعون، _c2013. |
|
| 300 | _a248ص. | ||
| 650 | 1 | 7 | _aالادب العربي |
| 650 | 1 | 7 | _aالنقد العربي |
| 942 |
_2ddc _cBK |
||
| 999 |
_c144601 _d144601 |
||